[Event "HUN-chT2 Barcza 1112 "]
[Site "Hungary"]
[Date "2012.05.20"]
[Round "11"]
[White "Zoltan, Lajos"]
[Black "Nadasi, Lajos"]
[Result "1/2-1/2"]
[WhiteElo "1963"]
[BlackElo "2060"]
[PlyCount "65"]
[EventDate "2011.09.25"]
[EventType "team-tourn"]
[EventRounds "11"]
[EventCountry "HUN"]
[SourceTitle "EXT 2013"]
[Source "ChessBase"]
[SourceDate "2012.11.22"]
[SourceVersion "1"]
[SourceVersionDate "2012.11.22"]
[SourceQuality "1"]
[WhiteTeam "Nadudvar"]
[BlackTeam "Debrecen Betu"]
[WhiteTeamCountry "HUN"]
[BlackTeamCountry "HUN"]

1. e4 e5 2. Nf3 Nc6 3. Bb5 Nf6 4. d4 exd4 5. 0-0 d6 6. Nxd4 Bd7 7. Nxc6 bxc6 8. Ba4 Be7 9. Qd3 0-0 10. c4 d5 11. e5 Ne4 12. Be3 Nc5 13. Bxc5 Bxc5 14. Nc3 Qg5 15. cxd5 Qxe5 16. dxc6 Bf5 17. Qd5 Qxd5 18. Nxd5 Rab8 19. Rac1 Bd6 20. b3 Be6 21. Rfd1 Rfd8 22. Ne3 Ba3 23. Rb1 Kf8 24. Kf1 Bd6 25. Nc4 Bf5 26. Rbc1 Bf4 27. Ne3 Bd3+ 28. Ke1 Ba6 29. g3 Bd6 30. f4 Bb4+ 31. Kf2 Bd2 32. Ra1 Rd4 33. Nc4 1/2-1/2

[Event "HUN-chT2 Barcza 1112 "]
[Site "Hungary"]
[Date "2012.02.19"]
[Round "6"]
[White "Nadasi, Lajos"]
[Black "Somodi, Krisztian"]
[Result "0-1"]
[WhiteElo "2060"]
[BlackElo "2020"]
[PlyCount "52"]
[EventDate "2011.09.25"]
[EventType "team-tourn"]
[EventRounds "11"]
[EventCountry "HUN"]
[SourceTitle "EXT 2013"]
[Source "ChessBase"]
[SourceDate "2012.11.22"]
[SourceVersion "1"]
[SourceVersionDate "2012.11.22"]
[SourceQuality "1"]
[WhiteTeam "Debrecen Betu"]
[BlackTeam "DEAC"]
[WhiteTeamCountry "HUN"]
[BlackTeamCountry "HUN"]

1. c4 e5 2. Nc3 f5 3. d3 Nf6 4. g3 Bc5 5. e3 0-0 6. Bg2 c6 7. Nge2 Qe7 8. Qb3 d6 9. 0-0 Be6 10. d4 Bb6 11. d5 Bf7 12. a4 e4 13. a5 Bd8 14. Rd1 c5 15. Bh3 g6 16. Bd2 Na6 17. Nb5 Nd7 18. Bc3 Ne5 19. Nf4 Nf3+ 20. Kh1 Nc7 21. Nxc7 Qxc7 22. Qc2 Qe7 23. Bg2 Ne5 24. Qe2 g5 25. Nh3 Qe8 26. Nxg5 Bxg5 0-1

[Event "HUN-chT2 Barcza 1112 "]
[Site "Hungary"]
[Date "2011.11.13"]
[Round "3"]
[White "Karacsony, Zsolt"]
[Black "Nadasi, Lajos"]
[Result "1-0"]
[WhiteElo "2048"]
[BlackElo "2060"]
[PlyCount "125"]
[EventDate "2011.09.25"]
[EventType "team-tourn"]
[EventRounds "11"]
[EventCountry "HUN"]
[SourceTitle "EXT 2013"]
[Source "ChessBase"]
[SourceDate "2012.11.22"]
[SourceVersion "1"]
[SourceVersionDate "2012.11.22"]
[SourceQuality "1"]
[WhiteTeam "Sajoszentpeter"]
[BlackTeam "Debrecen Betu"]
[WhiteTeamCountry "HUN"]
[BlackTeamCountry "HUN"]

1. e4 e5 2. Nf3 Nc6 3. c3 d5 4. Qa4 Bd7 5. exd5 Nb4 6. Qb3 e4 7. Ne5 Nd3+ 8. Bxd3 exd3 9. 0-0 Bd6 10. Nxd7 Qxd7 11. Qxb7 Rd8 12. Qxa7 Nf6 13. Qe3+ Kf8 14. Qxd3 Nxd5 15. Qf3 h5 16. d4 h4 17. h3 Re8 18. c4 Nf6 19. c5 Be7 20. Be3 Rh5 21. Nc3 c6 22. Na4 Rf5 23. Qd1 Bd8 24. b4 Bc7 25. Nb6 Qd8 26. Qc2 Rh5 27. a4 Bb8 28. Rae1 Qc7 29. f4 Rh6 30. b5 cxb5 31. axb5 Nh5 32. Nc4 Ng3 33. Rf3 Rg6 34. Ne5 Rh6 35. b6 Qc8 36. Bf2 Kg8 37. Bxg3 hxg3 38. Rxg3 Rxb6 39. Qc4 Rf6 40. Rf3 Bxe5 41. Rxe5 Rxe5 42. fxe5 Rxf3 43. gxf3 Qxh3 44. Qd5 Qg3+ 45. Kf1 Qh3+ 46. Ke2 Qg2+ 47. Kd3 Qf1+ 48. Kc3 Qb5 49. Qb3 Qa5+ 50. Qb4 Qa1+ 51. Kc4 Qf1+ 52. Kd5 Qxf3+ 53. Kd6 Qa8 54. Kc7 Kh7 55. c6 Qa7+ 56. Kd6 Qa8 57. Kd7 Qa2 58. Qd6 Qb3 59. c7 Qa4+ 60. Kd8 Qa5 61. Ke8 Qa8+ 62. Qd8 Qc6+ 63. Qd7 1-0

[Event "HUN-chT2 Barcza 1011"]
[Site "Hungary"]
[Date "2011.05.15"]
[Round "11.4"]
[White "Ligart, Tamas"]
[Black "Nadasi, Lajos"]
[Result "1-0"]
[WhiteElo "2280"]
[BlackElo "2039"]
[PlyCount "65"]
[EventDate "2010.09.12"]
[EventType "team-tourn"]
[EventRounds "11"]
[EventCountry "HUN"]
[SourceTitle "EXT 2012"]
[Source "ChessBase"]
[SourceDate "2011.11.24"]
[SourceVersion "1"]
[SourceVersionDate "2011.11.24"]
[SourceQuality "1"]
[WhiteTeam "Edeleny"]
[BlackTeam "Debrecen Betu"]
[WhiteTeamCountry "HUN"]
[BlackTeamCountry "HUN"]

1. e4 e5 2. Bc4 Nf6 3. d3 c6 4. Nf3 d6 5. 0-0 Be7 6. Bb3 0-0 7. Re1 Bg4 8. h3 Bh5 9. Nbd2 Nbd7 10. c3 Nc5 11. Bc2 Ne6 12. Nf1 Nd7 13. Ng3 Bg6 14. Nf5 Bxf5 15. exf5 Ng5 16. Nh2 h6 17. d4 exd4 18. Qxd4 d5 19. Ng4 Bd6 20. h4 Bc5 21. Qf4 Nh7 22. Qg3 Kh8 23. Bf4 Be7 24. Bc7 Qe8 25. Re3 h5 26. Nh2 f6 27. Rae1 Rf7 28. Bd6 Ne5 29. Bxe7 Qxe7 30. f4 Qc5 31. fxe5 d4 32. b4 Qb6 33. cxd4 1-0

[Event "HUN-chT2 Barcza 1011"]
[Site "Hungary"]
[Date "2011.03.27"]
[Round "7.5"]
[White "Nadasi, Lajos"]
[Black "Bakos, Levente"]
[Result "0-1"]
[WhiteElo "2039"]
[BlackElo "2152"]
[PlyCount "52"]
[EventDate "2010.09.12"]
[EventType "team-tourn"]
[EventRounds "11"]
[EventCountry "HUN"]
[SourceTitle "EXT 2012"]
[Source "ChessBase"]
[SourceDate "2011.11.24"]
[SourceVersion "1"]
[SourceVersionDate "2011.11.24"]
[SourceQuality "1"]
[WhiteTeam "Debrecen Betu"]
[BlackTeam "DEAC"]
[WhiteTeamCountry "HUN"]
[BlackTeamCountry "HUN"]

1. c4 Nf6 2. Nc3 Nc6 3. g3 e5 4. Bg2 Bc5 5. e3 d5 6. cxd5 Nb4 7. d4 exd4 8. exd4 Be7 9. a3 Nbxd5 10. Nge2 0-0 11. 0-0 c6 12. Qb3 Nb6 13. Qc2 Nfd5 14. Bd2 Be6 15. Rad1 a5 16. Ne4 Nd7 17. Nc5 Bg4 18. f3 Bh5 19. Ne4 Qb6 20. Rf2 c5 21. dxc5 Nxc5 22. Bxa5 Rxa5 23. Rxd5 Nxe4 24. Rxa5 Qxf2+ 25. Kh1 Qe1+ 26. Ng1 Nf2+ 0-1

[Event "HUN-chT2 Barcza 1011"]
[Site "Hungary"]
[Date "2010.10.10"]
[Round "3.6"]
[White "Nadasi, Lajos"]
[Black "Heidrich, Mate"]
[Result "1-0"]
[WhiteElo "2039"]
[BlackElo "1929"]
[PlyCount "63"]
[EventDate "2010.09.12"]
[EventType "team-tourn"]
[EventRounds "11"]
[EventCountry "HUN"]
[SourceTitle "EXT 2012"]
[Source "ChessBase"]
[SourceDate "2011.11.24"]
[SourceVersion "1"]
[SourceVersionDate "2011.11.24"]
[SourceQuality "1"]
[WhiteTeam "Debrecen Betu"]
[BlackTeam "Sajoszentpeter"]
[WhiteTeamCountry "HUN"]
[BlackTeamCountry "HUN"]

1. c4 Nf6 2. Nc3 e5 3. g3 Nc6 4. Bg2 Bc5 5. a3 d6 6. e3 a6 7. Nge2 Qe7 8. b4 Bb6 9. 0-0 e4 10. Nf4 Bf5 11. Bb2 Ne5 12. Ncd5 Nxd5 13. Nxd5 Qe6 14. Qc2 0-0 15. Bxe5 Qxe5 16. Rac1 a5 17. Qb3 axb4 18. axb4 Ra6 19. f4 exf3 20. Bxf3 Rfa8 21. d4 Qe6 22. c5 c6 23. cxb6 Ra3 24. Qb2 cxd5 25. Rc3 Ra2 26. Qb3 g6 27. Bxd5 Qd7 28. Rc7 Qb5 29. Rxf7 Kh8 30. Bc4 Qc6 31. d5 Qxb6 32. Qc3+ 1-0

[Event "HUN-chT2 Barcza 0910"]
[Site "Hungary"]
[Date "2009.12.06"]
[Round "3.6"]
[White "Nadasi, Lajos"]
[Black "Nagy, Laszlo Bence"]
[Result "0-1"]
[WhiteElo "2039"]
[BlackElo "1964"]
[PlyCount "46"]
[EventDate "2009.11.08"]
[EventType "team-tourn"]
[EventRounds "11"]
[EventCountry "HUN"]
[SourceTitle "EXT 2011"]
[Source "ChessBase"]
[SourceDate "2010.11.26"]
[SourceVersion "1"]
[SourceVersionDate "2010.11.26"]
[SourceQuality "1"]
[WhiteTeam "Debrecen Betu"]
[BlackTeam "Piremon"]
[WhiteTeamCountry "HUN"]
[BlackTeamCountry "HUN"]

1. c4 f5 2. Nc3 Nf6 3. g3 e6 4. Bg2 d5 5. d4 c6 6. Qb3 Be7 7. Nf3 0-0 8. 0-0 Kh8 9. Bf4 Ne4 10. Rfd1 Nd7 11. Ne5 Nxe5 12. Bxe5 Qe8 13. Rac1 Qh5 14. f3 Nf6 15. c5 Nd7 16. Bc7 Rf6 17. f4 Rh6 18. h4 Rg6 19. Kf2 Qg4 20. Na4 Bxh4 21. Rh1 Bxg3+ 22. Kf1 Bxf4 23. Bh3 Qg5 0-1

[Event "HUN-chT2 Barcza 0708"]
[Site "Hungary"]
[Date "2007.12.09"]
[Round "4"]
[White "Karolyfalvi, Zoltan"]
[Black "Nadasi, Lajos"]
[Result "1/2-1/2"]
[WhiteElo "2185"]
[BlackElo "2111"]
[PlyCount "47"]
[EventDate "2007.10.14"]
[EventType "team"]
[EventRounds "11"]
[EventCountry "HUN"]
[SourceTitle "EXT 2009"]
[Source "ChessBase"]
[SourceDate "2008.11.26"]
[SourceVersion "1"]
[SourceVersionDate "2008.11.26"]
[SourceQuality "1"]
[WhiteTeam "Kazincbarcika II"]
[BlackTeam "Debrecen Betu"]
[WhiteTeamCountry "HUN"]
[BlackTeamCountry "HUN"]

1. d4 d5 2. Nf3 Nf6 3. Bf4 c6 4. Nbd2 Bg4 5. Ne5 Bf5 6. e3 h6 7. c4 e6 8. Be2 Bd6 9. 0-0 0-0 10. Qb3 b6 11. Qa4 dxc4 12. Qxc4 Ne4 13. Nb3 f6 14. Nxc6 Nxc6 15. Qxc6 Bxf4 16. exf4 Rc8 17. Qa4 Rc2 18. Bf3 Qb8 19. d5 exd5 20. Qb5 Rd8 21. Rad1 Be6 22. Qd3 Rc4 23. Nd4 Bf7 24. Rfe1 1/2-1/2

[Event "HUN-chT2 Barcza 0708"]
[Site "Hungary"]
[Date "2007.10.14"]
[Round "1"]
[White "Bai, Attila"]
[Black "Nadasi, Lajos"]
[Result "1-0"]
[WhiteElo "2197"]
[BlackElo "2111"]
[PlyCount "37"]
[EventDate "2007.10.14"]
[EventType "team"]
[EventRounds "11"]
[EventCountry "HUN"]
[SourceTitle "EXT 2009"]
[Source "ChessBase"]
[SourceDate "2008.11.26"]
[SourceVersion "1"]
[SourceVersionDate "2008.11.26"]
[SourceQuality "1"]
[WhiteTeam "Edeleny"]
[BlackTeam "Debrecen Betu"]
[WhiteTeamCountry "HUN"]
[BlackTeamCountry "HUN"]

1. d4 d5 2. Nf3 Nf6 3. Bf4 Bg4 4. Ne5 Bf5 5. e3 e6 6. g4 Bg6 7. h4 h5 8. Nxg6 fxg6 9. g5 Ne4 10. Bd3 Bd6 11. Nd2 Bxf4 12. exf4 Qd6 13. Nxe4 dxe4 14. Bxe4 0-0 15. Bxg6 Rxf4 16. Qxh5 Qxd4 17. Qh7+ Kf8 18. Qh8+ Ke7 19. Qe8+ 1-0

[Event "HUN-chT2 Barcza 0506"]
[Site "Hungary"]
[Date "2006.04.09"]
[Round "10"]
[White "Nadasi, Lajos"]
[Black "Gaal, Attila"]
[Result "0-1"]
[WhiteElo "2156"]
[BlackElo "2083"]
[PlyCount "48"]
[EventDate "2005.10.16"]
[EventType "team"]
[EventRounds "11"]
[EventCountry "HUN"]
[SourceTitle "EXT 2009"]
[Source "ChessBase"]
[SourceDate "2008.11.26"]
[SourceVersion "1"]
[SourceVersionDate "2008.11.26"]
[SourceQuality "1"]
[WhiteTeam "Debrecen Betu"]
[BlackTeam "Szabolcs Volan"]
[WhiteTeamCountry "HUN"]
[BlackTeamCountry "HUN"]

1. c4 e5 2. g3 d6 3. Bg2 f5 4. Nc3 c6 5. e3 Nf6 6. Nge2 Be7 7. 0-0 0-0 8. d4 Na6 9. b3 e4 10. a3 d5 11. c5 Nc7 12. Bd2 Qe8 13. h4 Ne6 14. Bh3 f4 15. Bxe6+ Bxe6 16. Nxf4 Bg4 17. Qe1 Bf3 18. Ng2 Qd7 19. Kh2 Ng4+ 20. Kg1 Ne5 21. Kh2 Nd3 22. Qb1 Rf6 23. Be1 Rh6 24. Ra2 Qg4 0-1

[Event "HUN-chT2 Barcza 0506"]
[Site "Hungary"]
[Date "2006.02.12"]
[Round "7"]
[White "Kiss, Sandor1111"]
[Black "Nadasi, Lajos"]
[Result "1/2-1/2"]
[WhiteElo "2158"]
[BlackElo "2156"]
[PlyCount "68"]
[EventDate "2005.10.16"]
[EventType "team"]
[EventRounds "11"]
[EventCountry "HUN"]
[SourceTitle "EXT 2009"]
[Source "ChessBase"]
[SourceDate "2008.11.26"]
[SourceVersion "1"]
[SourceVersionDate "2008.11.26"]
[SourceQuality "1"]
[WhiteTeam "Tiszavasvar"]
[BlackTeam "Debrecen Betu"]
[WhiteTeamCountry "HUN"]
[BlackTeamCountry "HUN"]

1. e4 e5 2. Nf3 Nc6 3. Bb5 a6 4. Ba4 Nf6 5. 0-0 Be7 6. Re1 d6 7. h3 0-0 8. c3 b5 9. Bb3 Na5 10. Bc2 c5 11. d4 Nc6 12. dxc5 dxc5 13. Nbd2 h6 14. a4 Bb7 15. Qe2 b4 16. Nc4 Qc7 17. a5 Rad8 18. Nh4 Bc8 19. Ne3 bxc3 20. bxc3 Nxe4 21. Bxe4 Bxh4 22. Nd5 Qd6 23. Qh5 Bxf2+ 24. Kxf2 f5 25. Kg1 fxe4 26. Ne3 Qc7 27. Ra4 Qf7 28. Qxf7+ Rxf7 29. Rxe4 Rf4 30. Rc4 Rxc4 31. Nxc4 Kf7 32. Ba3 Rd3 33. Nxe5+ Nxe5 34. Rxe5 Rxc3 1/2-1/2

[Event "HUN-chT2 Barcza 0506"]
[Site "Hungary"]
[Date "2006.01.22"]
[Round "6"]
[White "Nadasi, Lajos"]
[Black "Egri, Laszlo"]
[Result "1/2-1/2"]
[WhiteElo "2156"]
[BlackElo "2185"]
[PlyCount "38"]
[EventDate "2005.10.16"]
[EventType "team"]
[EventRounds "11"]
[EventCountry "HUN"]
[SourceTitle "EXT 2009"]
[Source "ChessBase"]
[SourceDate "2008.11.26"]
[SourceVersion "1"]
[SourceVersionDate "2008.11.26"]
[SourceQuality "1"]
[WhiteTeam "Debrecen Betu"]
[BlackTeam "Pladany MAV"]
[WhiteTeamCountry "HUN"]
[BlackTeamCountry "HUN"]

1. c4 c5 2. g3 Nc6 3. Bg2 Nf6 4. Nc3 e6 5. d3 Be7 6. Bf4 0-0 7. Nf3 d6 8. 0-0 Nh5 9. Bd2 f5 10. e3 Nf6 11. d4 e5 12. d5 Nb8 13. Ne1 e4 14. f4 exf3 15. Qxf3 Nbd7 16. Nd3 Ng4 17. e4 Nde5 18. Nxe5 Nxe5 19. Qe2 fxe4 1/2-1/2

[Event "HUN-chT2 Barcza 0304"]
[Site "Hungary"]
[Date "2004.03.21"]
[Round "9"]
[White "Istvanovszky, Kalman"]
[Black "Nadasi, Lajos"]
[Result "1-0"]
[WhiteElo "2224"]
[BlackElo "2199"]
[PlyCount "59"]
[EventDate "2003.08.29"]
[EventType "team"]
[EventRounds "11"]
[EventCountry "HUN"]
[SourceTitle "EXT 2009"]
[Source "ChessBase"]
[SourceDate "2008.11.26"]
[SourceVersion "1"]
[SourceVersionDate "2008.11.26"]
[SourceQuality "1"]
[WhiteTeam "Hajduboszormeny II"]
[BlackTeam "Debrecen Betu"]
[WhiteTeamCountry "HUN"]
[BlackTeamCountry "HUN"]

1. e4 e5 2. d4 exd4 3. Qxd4 Nc6 4. Qe3 Be7 5. Nc3 Bb4 6. Bd2 Nge7 7. 0-0-0 d6 8. f4 0-0 9. f5 f6 10. Bc4+ Kh8 11. Nf3 Na5 12. Be2 Qe8 13. g4 b6 14. Rhe1 Bb7 15. Qf4 Qf7 16. a3 Bxc3 17. Bxc3 Nc4 18. Nd4 g5 19. Qg3 Ne5 20. Ne6 Rg8 21. Bxe5 dxe5 22. Bc4 Nc6 23. Qc3 Qe7 24. Bd5 Qd6 25. h4 gxh4 26. g5 Rxg5 27. Nxg5 fxg5 28. Bxc6 Qxc6 29. Qxe5+ Kg8 30. f6 1-0

[Event "HUN-chT2 Barcza 0304"]
[Site "Hungary"]
[Date "2004.02.08"]
[Round "7"]
[White "Bartha, Laszlo"]
[Black "Nadasi, Lajos"]
[Result "1/2-1/2"]
[WhiteElo "2124"]
[BlackElo "2199"]
[PlyCount "98"]
[EventDate "2003.08.29"]
[EventType "team"]
[EventRounds "11"]
[EventCountry "HUN"]
[SourceTitle "EXT 2009"]
[Source "ChessBase"]
[SourceDate "2008.11.26"]
[SourceVersion "1"]
[SourceVersionDate "2008.11.26"]
[SourceQuality "1"]
[WhiteTeam "Tiszavasvar"]
[BlackTeam "Debrecen Betu"]
[WhiteTeamCountry "HUN"]
[BlackTeamCountry "HUN"]

1. Nf3 d5 2. d4 Nf6 3. g3 Bf5 4. Bg2 h6 5. Nbd2 Qc8 6. h4 e6 7. c4 c6 8. Ne5 Bd6 9. Ndf3 Ne4 10. Nd2 Nxd2 11. Bxd2 f6 12. e4 0-0 13. exf5 fxe5 14. fxe6 Qxe6 15. cxd5 Qf6 16. 0-0 exd4 17. Qb3 Rf7 18. Rae1 Qd8 19. dxc6 bxc6 20. Qc4 Nd7 21. Qxc6 Nb6 22. Re6 Be7 23. Qe4 Rc8 24. Ba5 Bf8 25. Rd1 Rf6 26. Rxf6 Qxf6 27. Qxd4 Qxd4 28. Rxd4 Rc1+ 29. Kh2 Bc5 30. Rd2 Kf8 31. Bc3 Nc4 32. Re2 Bb6 33. Bb4+ Kf7 34. Bd5+ Kg6 35. Bg8 Bd8 36. b3 Nb6 37. Kg2 Bf6 38. f3 Rd1 39. h5+ Kxh5 40. Bf7+ g6 41. g4+ Kg5 42. Bd2+ Kh4 43. Bxg6 Bd4 44. Bf5 Nd5 45. g5 hxg5 46. Re4+ Nf4+ 47. Bxf4 gxf4 48. Re2 Be3 49. Bg4 Rd2 1/2-1/2

[Event "HUN-chT2 Barcza 0304"]
[Site "Hungary"]
[Date "2003.11.16"]
[Round "3"]
[White "Nadasi, Lajos"]
[Black "Herman, Tamas"]
[Result "1/2-1/2"]
[WhiteElo "2245"]
[BlackElo "2199"]
[PlyCount "25"]
[EventDate "2003.08.29"]
[EventType "team"]
[EventRounds "11"]
[EventCountry "HUN"]
[SourceTitle "EXT 2009"]
[Source "ChessBase"]
[SourceDate "2008.11.26"]
[SourceVersion "1"]
[SourceVersionDate "2008.11.26"]
[SourceQuality "1"]
[WhiteTeam "Debrecen Betu"]
[BlackTeam "Tiszaujvaros"]
[WhiteTeamCountry "HUN"]
[BlackTeamCountry "HUN"]

1. Nf3 c5 2. c4 Nc6 3. Nc3 g6 4. d4 cxd4 5. Nxd4 Bg7 6. e3 Nf6 7. Be2 0-0 8. 0-0 Nxd4 9. exd4 d5 10. cxd5 Nxd5 11. Bf3 Be6 12. Re1 Re8 13. Ne4 1/2-1/2

[Event "HUN-chT2 Barcza 0304"]
[Site "Hungary"]
[Date "2003.09.28"]
[Round "1"]
[White "Nadasi, Lajos"]
[Black "Pozsonyi, Istvan"]
[Result "1-0"]
[WhiteElo "2199"]
[BlackElo "2113"]
[PlyCount "62"]
[EventDate "2003.08.29"]
[EventType "team"]
[EventRounds "11"]
[EventCountry "HUN"]
[SourceTitle "EXT 2009"]
[Source "ChessBase"]
[SourceDate "2008.11.26"]
[SourceVersion "1"]
[SourceVersionDate "2008.11.26"]
[SourceQuality "1"]
[WhiteTeam "Debrecen Betu"]
[BlackTeam "Piremon II"]
[WhiteTeamCountry "HUN"]
[BlackTeamCountry "HUN"]

1. Nf3 c5 2. c4 Nf6 3. Nc3 b6 4. e3 Bb7 5. d4 g6 6. d5 d6 7. Bd3 Bg7 8. 0-0 0-0 9. e4 Na6 10. Bd2 Nc7 11. Qc1 e6 12. Bh6 exd5 13. exd5 b5 14. Bxg7 Kxg7 15. b3 Re8 16. Qf4 Nh5 17. Qd2 Nf6 18. Rfe1 bxc4 19. bxc4 Rb8 20. Rxe8 Ncxe8 21. Re1 Ba6 22. Nd1 Rb4 23. Qc3 Kg8 24. a3 Rb7 25. Re2 Qb8 26. Qe1 Rb3 27. Nc3 Rxa3 28. Re7 h6 29. Nh4 Qb4 30. Bxg6 Qxc3 31. Bxf7+ Kf8 1-0